[Event "Is Bankasi Online Satranc Turn.13-14 Yas"]
[Site "T#645826Mustafa Kemal"]
[Date "2020.05.08"]
[Round "2"]
[White "muhammedenisal44"]
[Black "Furkanyurtal88"]
[Result "0-1"]
[WhiteElo "1516"]
[BlackElo "1370"]
[Annotator "NA RC"]
[PlyCount "138"]
[EventDate "2020.05.08"]
[EventType "swiss (blitz)"]

1. e4 {[%emt 0:00:03]} d5 {[%emt 0:00:03]} 2. a3 {[%emt 0:00:02]} dxe4 {[%emt 0:00:02]} 3. Nc3 {[%emt 0:00:02]} Nf6 {[%emt 0:00:01]} 4. Qe2 {[%emt 0:00:01]} Bf5 {[%emt 0:00:02]} 5. Qb5+ {[%emt 0:00:01]} Bd7 {[%emt 0:00:13]} 6. Qe2 {[%emt 0:00:05]} Bc6 {[%emt 0:00:02]} 7. Qd1 {[%emt 0:00:08]} e6 {[%emt 0:00:02]} 8. Bc4 {[%emt 0:00:05]} Bc5 {[%emt 0:00:02]} 9. Nge2 {[%emt 0:00:03]} Nbd7 {[%emt 0:00:08]} 10. O-O {[%emt 0:00:02]} Ne5 {[%emt 0:00:02]} 11. Bb3 {[%emt 0:00:13]} O-O {[%emt 0:00:17]} 12. Ng3 {[%emt 0:00:03]} Qd7 {[%emt 0:00:13]} 13. d4 {[%emt 0:00:06]} Qxd4 {[%emt 0:00:08]} 14. Be3 {[%emt 0:00:08]} Qxd1 {[%emt 0:00:03]} 15. Raxd1 {[%emt 0:00:03]} Bxe3 {[%emt 0:00:02]} 16. fxe3 {[%emt 0:00:00]} Rad8 {[%emt 0:00:04]} 17. Rxd8 {[%emt 0:00:04]} Rxd8 {[%emt 0:00:02]} 18. Re1 {[%emt 0:00:18]} h6 {[%emt 0:00:10]} 19. Rf1 {[%emt 0:00:06]} Neg4 {[%emt 0:00:03]} 20. Re1 {[%emt 0:00:04]} Rd2 {[%emt 0:00:09]} 21. h3 {[%emt 0:00:12]} Ne5 {[%emt 0:00:04]} 22. Rf1 {[%emt 0:00:14] muhammedenisal44 beraberlik teklif ediyor} Rd8 {[%emt 0:00:31]} 23. Re1 {[%emt 0:00:04]} a6 {[%emt 0:00:04]} 24. Rf1 {[%emt 0:00:07]} Bd5 {[%emt 0:00:11]} 25. Bxd5 {[%emt 0:00:08]} exd5 {[%emt 0:00:01]} 26. Re1 {[%emt 0:00:03]} c5 {[%emt 0:00:05]} 27. Rd1 {[%emt 0:00:02]} d4 {[%emt 0:00:06]} 28. exd4 {[%emt 0:00:03]} cxd4 {[%emt 0:00:06]} 29. Nf5 {[%emt 0:00:07]} d3 {[%emt 0:00:09]} 30. cxd3 {[%emt 0:00:04]} Rxd3 {[%emt 0:00:02]} 31. Rxd3 {[%emt 0:00:03]} Nxd3 {[%emt 0:00:01]} 32. Ng3 {[%emt 0:00:09]} Nxb2 {[%emt 0:00:10]} 33. Ngxe4 {[%emt 0:00:03]} Nxe4 {[%emt 0:00:01]} 34. Nxe4 {[%emt 0:00:01]} Nc4 {[%emt 0:00:06]} 35. a4 {[%emt 0:00:03]} Nb2 {[%emt 0:00:02]} 36. Nc3 {[%emt 0:00:04]} Kf8 {[%emt 0:00:03]} 37. Kf2 {[%emt 0:00:02]} Ke7 {[%emt 0:00:01]} 38. Ke3 {[%emt 0:00:02]} Kd6 {[%emt 0:00:03]} 39. Kd4 {[%emt 0:00:01]} Kc6 {[%emt 0:00:07]} 40. g4 {[%emt 0:00:11]} b5 {[%emt 0:00:04]} 41. axb5+ {[%emt 0:00:02]} axb5 {[%emt 0:00:01]} 42. Nxb5 {[%emt 0:00:06]} Kxb5 {[%emt 0:00:03]} 43. Ke3 {[%emt 0:00:01]} Kc6 {[%emt 0:00:02]} 44. Kf4 {[%emt 0:00:02]} Kd6 {[%emt 0:00:01]} 45. g5 {[%emt 0:00:02]} hxg5+ {[%emt 0:00:03]} 46. Kxg5 {[%emt 0:00:01]} Ke6 {[%emt 0:00:01]} 47. h4 {[%emt 0:00:01]} Nc4 {[%emt 0:00:01]} 48. h5 {[%emt 0:00:02]} Ne5 {[%emt 0:00:02]} 49. h6 {[%emt 0:00:07]} gxh6+ {[%emt 0:00:01]} 50. Kxh6 {[%emt 0:00:02]} f5 {[%emt 0:00:01]} 51. Kg5 {[%emt 0:00:02]} Nf3+ {[%emt 0:00:02]} 52. Kf4 {[%emt 0:00:02]} Nd4 {[%emt 0:00:03]} 53. Ke3 {[%emt 0:00:05]} Ke5 {[%emt 0:00:01]} 54. Kf2 {[%emt 0:00:02]} Ke4 {[%emt 0:00:02]} 55. Kg3 {[%emt 0:00:04]} f4+ {[%emt 0:00:01]} 56. Kf2 {[%emt 0:00:01]} f3 {[%emt 0:00:01]} 57. Kf1 {[%emt 0:00:03]} Ke3 {[%emt 0:00:01]} 58. Ke1 {[%emt 0:00:04]} f2+ {[%emt 0:00:07]} 59. Kf1 {[%emt 0:00:09]} Ne6 {[%emt 0:00:02]} 60. Kg2 {[%emt 0:00:02]} Ke2 {[%emt 0:00:00]} 61. Kg3 {[%emt 0:00:01]} f1=Q {[%emt 0:00:00]} 62. Kg4 {[%emt 0:00:01]} Qf4+ {[%emt 0:00:02]} 63. Kh5 {[%emt 0:00:05]} Qg3 {[%emt 0:00:01]} 64. Kh6 {[%emt 0:00:02]} Ke3 {[%emt 0:00:01]} 65. Kh7 {[%emt 0:00:02]} Kf4 {[%emt 0:00:00]} 66. Kh8 {[%emt 0:00:01]} Nc5 {[%emt 0:00:00]} 67. Kh7 {[%emt 0:00:01]} Kf5 {[%emt 0:00:00]} 68. Kh8 {[%emt 0:00:01]} Kf6 {[%emt 0:00:00]} 69. Kh7 {[%emt 0:00:00]} Qg7# {[%emt 0:00:18] (Lag: Av=0.45s, max=0.8s)} 0-1

[Event "Is Bankasi Online Satranc Turn.13-14 Yas"]
[Site "T#645826Mustafa Kemal"]
[Date "2020.05.08"]
[Round "2"]
[White "Ardazengin04"]
[Black "Eniskaankelece00"]
[Result "1-0"]
[WhiteElo "1499"]
[BlackElo "1620"]
[Annotator "NA RC"]
[PlyCount "59"]
[EventDate "2020.05.08"]
[EventType "swiss (blitz)"]

1. e4 {[%emt 0:00:06]} c6 {[%emt 0:00:03]} 2. d4 {[%emt 0:00:04]} d5 {[%emt 0:00:03]} 3. exd5 {[%emt 0:00:01]} cxd5 {[%emt 0:00:03]} 4. c3 {[%emt 0:00:01]} Bf5 {[%emt 0:00:04]} 5. Bd3 {[%emt 0:00:02]} Bxd3 {[%emt 0:00:04]} 6. Qxd3 {[%emt 0:00:00]} Nf6 {[%emt 0:00:03]} 7. Bg5 {[%emt 0:00:07]} e6 {[%emt 0:00:04]} 8. f4 {[%emt 0:00:09]} h6 {[%emt 0:00:04]} 9. Bh4 {[%emt 0:00:03]} Be7 {[%emt 0:00:11]} 10. Nd2 {[%emt 0:00:09]} O-O {[%emt 0:00:03]} 11. Ngf3 {[%emt 0:00:05]} Nc6 {[%emt 0:00:04]} 12. h3 {[%emt 0:00:07]} Nh5 {[%emt 0:00:10]} 13. Bxe7 {[%emt 0:00:05]} Qxe7 {[%emt 0:00:02]} 14. Qe3 {[%emt 0:00:35]} Ng3 {[%emt 0:00:32]} 15. Rg1 {[%emt 0:00:05]} Nf5 {[%emt 0:00:02]} 16. Qf2 {[%emt 0:00:10]} Rac8 {[%emt 0:00:20]} 17. g4 {[%emt 0:00:03]} Nd6 {[%emt 0:00:04]} 18. g5 {[%emt 0:00:02]} Nf5 {[%emt 0:00:08]} 19. gxh6 {[%emt 0:00:09]} Nxh6 {[%emt 0:00:02]} 20. O-O-O {[%emt 0:00:16]} Nb4 {[%emt 0:00:10]} 21. Kb1 {[%emt 0:00:14]} Nc6 {[%emt 0:00:22]} 22. Rg2 {[%emt 0:00:11]} b5 {[%emt 0:00:23]} 23. Rdg1 {[%emt 0:00:07]} g6 {[%emt 0:00:14]} 24. Ng5 {[%emt 0:00:08]} a5 {[%emt 0:00:10]} 25. Qh4 {[%emt 0:00:06]} Kg7 {[%emt 0:00:09]} 26. Ndf3 {[%emt 0:00:21]} b4 {[%emt 0:00:03]} 27. cxb4 {[%emt 0:00:06]} Qxb4 {[%emt 0:00:06]} 28. Nxe6+ {[%emt 0:00:16]} fxe6 {[%emt 0:00:05]} 29. Rxg6+ {[%emt 0:00:01]} Kh8 {[%emt 0:00:02]} 30. Qxh6# {[%emt 0:00:01] (Lag: Av=1.21s, max=1.7s)} 1-0

[Event "Is Bankasi Online Satranc Turn.13-14 Yas"]
[Site "T#645826Mustafa Kemal"]
[Date "2020.05.08"]
[Round "2"]
[White "Ruzgarkemalvay82"]
[Black "Erdoganacar00"]
[Result "0-1"]
[WhiteElo "1478"]
[BlackElo "1620"]
[Annotator "NA RC"]
[PlyCount "68"]
[EventDate "2020.05.08"]
[EventType "swiss (blitz)"]

1. e4 {[%emt 0:00:02]} c5 {[%emt 0:00:03]} 2. Nf3 {[%emt 0:00:10]} g6 {[%emt 0:00:01]} 3. d4 {[%emt 0:00:03]} cxd4 {[%emt 0:00:01]} 4. Qd3 {[%emt 0:00:01]} Bg7 {[%emt 0:00:05]} 5. Qxd4 {[%emt 0:00:00]} Bxd4 {[%emt 0:00:02]} 6. Nxd4 {[%emt 0:00:09]} Nc6 {[%emt 0:00:07]} 7. Nxc6 {[%emt 0:00:02]} bxc6 {[%emt 0:00:00]} 8. b3 {[%emt 0:00:04]} Qa5+ {[%emt 0:00:06]} 9. Bd2 {[%emt 0:00:03]} Qc7 {[%emt 0:00:02]} 10. Bc3 {[%emt 0:00:02]} e5 {[%emt 0:00:03]} 11. Be2 {[%emt 0:00:17]} Ne7 {[%emt 0:00:02]} 12. O-O {[%emt 0:00:03]} O-O {[%emt 0:00:01] Ruzgarkemalvay82 beraberlik teklif ediyor} 13. Rd1 {[%emt 0:00:23]} d5 {[%emt 0:00:05]} 14. exd5 {[%emt 0:00:04]} Nxd5 {[%emt 0:00:03]} 15. Bb2 {[%emt 0:00:04]} a5 {[%emt 0:00:04]} 16. Bc4 {[%emt 0:00:04] Ruzgarkemalvay82 beraberlik teklif ediyor} Ba6 {[%emt 0:00:03]} 17. Bxa6 {[%emt 0:00:05]} Rxa6 {[%emt 0:00:01]} 18. Nc3 {[%emt 0:00:03]} Nxc3 {[%emt 0:00:02]} 19. Bxc3 {[%emt 0:00:02]} Rd8 {[%emt 0:00:01]} 20. Rxd8+ {[%emt 0:00:05]} Qxd8 {[%emt 0:00:00]} 21. Bxe5 {[%emt 0:00:02]} c5 {[%emt 0:00:03]} 22. Bg3 {[%emt 0:00:04]} Re6 {[%emt 0:00:03]} 23. h3 {[%emt 0:00:04]} c4 {[%emt 0:00:02]} 24. Rb1 {[%emt 0:00:16]} c3 {[%emt 0:00:01]} 25. Rc1 {[%emt 0:00:08]} Qd2 {[%emt 0:00:03]} 26. Ra1 {[%emt 0:00:06]} Re1+ {[%emt 0:00:02]} 27. Rxe1 {[%emt 0:00:06]} Qxe1+ {[%emt 0:00:00]} 28. Kh2 {[%emt 0:00:01]} Qe2 {[%emt 0:00:00]} 29. f3 {[%emt 0:00:01]} Qe3 {[%emt 0:00:01] Ruzgarkemalvay82 beraberlik teklif ediyor} 30. Kh1 {[%emt 0:00:04]} Qc1+ {[%emt 0:00:03]} 31. Kh2 {[%emt 0:00:01]} Qxc2 {[%emt 0:00:01]} 32. Bc7 {[%emt 0:00:02]} Qxa2 {[%emt 0:00:03]} 33. f4 {[%emt 0:00:05]} c2 {[%emt 0:00:01]} 34. g3 {[%emt 0:00:04]} c1=Q# {[%emt 0:00:01] (Lag: Av=0.39s, max=0.7s)} 0-1

[Event "Is Bankasi Online Satranc Turn.13-14 Yas"]
[Site "T#645826Mustafa Kemal"]
[Date "2020.05.08"]
[Round "2"]
[White "Berkaybozlak42"]
[Black "Hasangunesanac52"]
[Result "0-1"]
[WhiteElo "1443"]
[BlackElo "1620"]
[Annotator "NA RC"]
[PlyCount "40"]
[EventDate "2020.05.08"]
[EventType "swiss (blitz)"]

1. e4 {[%emt 0:00:02]} c5 {[%emt 0:00:03]} 2. Nf3 {[%emt 0:00:01]} e6 {[%emt 0:00:02]} 3. d4 {[%emt 0:00:02]} cxd4 {[%emt 0:00:00]} 4. Qxd4 {[%emt 0:00:02]} Nc6 {[%emt 0:00:03]} 5. Qd1 {[%emt 0:00:01]} a6 {[%emt 0:00:04]} 6. Nc3 {[%emt 0:00:04]} Bb4 {[%emt 0:00:02]} 7. Bd2 {[%emt 0:00:02]} Nge7 {[%emt 0:00:05]} 8. a3 {[%emt 0:00:02]} Bc5 {[%emt 0:00:07]} 9. Na4 {[%emt 0:00:03]} Ba7 {[%emt 0:00:02]} 10. Bc3 {[%emt 0:00:02]} O-O {[%emt 0:00:03]} 11. Nd4 {[%emt 0:00:04]} b5 {[%emt 0:00:10]} 12. Nxc6 {[%emt 0:00:05]} Nxc6 {[%emt 0:00:22]} 13. Qg4 {[%emt 0:00:06]} e5 {[%emt 0:00:02]} 14. Nc5 {[%emt 0:00:19]} Bxc5 {[%emt 0:00:02]} 15. f4 {[%emt 0:00:02]} d5 {[%emt 0:00:04]} 16. fxe5 {[%emt 0:00:07]} Bxg4 {[%emt 0:00:02]} 17. exd5 {[%emt 0:00:05]} Qxd5 {[%emt 0:00:02]} 18. Be2 {[%emt 0:00:01]} Bxe2 {[%emt 0:00:02]} 19. Kxe2 {[%emt 0:00:01]} Nd4+ {[%emt 0:00:00]} 20. Kd3 {[%emt 0:00:01]} Nb3+ {[%emt 0:00:02] Berkaybozlak42 terk eder (Lag: Av=0.83s, max=1.2s)} 0-1

[Event "Is Bankasi Online Satranc Turn.13-14 Yas"]
[Site "T#645826Mustafa Kemal"]
[Date "2020.05.08"]
[Round "2"]
[White "Boranaydin70"]
[Black "Hasancanari30"]
[Result "0-1"]
[WhiteElo "1391"]
[BlackElo "1620"]
[Annotator "NA RC"]
[PlyCount "72"]
[EventDate "2020.05.08"]
[EventType "swiss (blitz)"]

1. Nf3 {[%emt 0:00:02]} d5 {[%emt 0:00:03]} 2. d4 {[%emt 0:00:01]} Nf6 {[%emt 0:00:02]} 3. c4 {[%emt 0:00:01]} c6 {[%emt 0:00:01]} 4. Nc3 {[%emt 0:00:01]} e6 {[%emt 0:00:01]} 5. Bg5 {[%emt 0:00:02]} Nbd7 {[%emt 0:00:01]} 6. e3 {[%emt 0:00:04]} Qa5 {[%emt 0:00:03]} 7. a3 {[%emt 0:00:03]} Ne4 {[%emt 0:00:03]} 8. Qc2 {[%emt 0:00:10]} Bb4 {[%emt 0:00:02]} 9. Be2 {[%emt 0:00:19]} Nxc3 {[%emt 0:00:05]} 10. axb4 {[%emt 0:00:14]} Qxa1+ {[%emt 0:00:03]} 11. Bd1 {[%emt 0:00:06]} Qxd1+ {[%emt 0:00:07]} 12. Qxd1 {[%emt 0:00:00]} Nxd1 {[%emt 0:00:01]} 13. Kxd1 {[%emt 0:00:01]} dxc4 {[%emt 0:00:04]} 14. Kc2 {[%emt 0:00:06]} b5 {[%emt 0:00:03]} 15. Ne5 {[%emt 0:00:04]} Nxe5 {[%emt 0:00:02]} 16. dxe5 {[%emt 0:00:00]} f6 {[%emt 0:00:01]} 17. exf6 {[%emt 0:00:01]} gxf6 {[%emt 0:00:01]} 18. Bxf6 {[%emt 0:00:00]} Rf8 {[%emt 0:00:01]} 19. Be5 {[%emt 0:00:08]} Rxf2+ {[%emt 0:00:02]} 20. Kc3 {[%emt 0:00:03]} Rxg2 {[%emt 0:00:02]} 21. Re1 {[%emt 0:00:05]} a5 {[%emt 0:00:01]} 22. bxa5 {[%emt 0:00:07]} Rxa5 {[%emt 0:00:00]} 23. Rd1 {[%emt 0:00:01]} Ra2 {[%emt 0:00:10]} 24. Kb4 {[%emt 0:00:04]} Ra4+ {[%emt 0:00:03]} 25. Kc5 {[%emt 0:00:02]} Bd7 {[%emt 0:00:02]} 26. Kb6 {[%emt 0:00:08]} Re2 {[%emt 0:00:21]} 27. Bd4 {[%emt 0:00:09]} e5 {[%emt 0:00:06]} 28. Bc5 {[%emt 0:00:08]} Rxb2 {[%emt 0:00:11]} 29. Kc7 {[%emt 0:00:03]} Be6 {[%emt 0:00:18]} 30. Kd6 {[%emt 0:00:04]} Bd5 {[%emt 0:00:03]} 31. Kxe5 {[%emt 0:00:03]} c3 {[%emt 0:00:02]} 32. e4 {[%emt 0:00:01]} Rxe4+ {[%emt 0:00:02]} 33. Kd6 {[%emt 0:00:04]} c2 {[%emt 0:00:02]} 34. Rf1 {[%emt 0:00:05]} Rb1 {[%emt 0:00:04]} 35. Rf2 {[%emt 0:00:01]} c1=Q {[%emt 0:00:03]} 36. Kc7 {[%emt 0:00:01]} Qxc5 {[%emt 0:00:02] Boranaydin70 terk eder (Lag: Av=0.56s, max=1.0s)} 0-1

[Event "Is Bankasi Online Satranc Turn.13-14 Yas"]
[Site "T#645826Mustafa Kemal"]
[Date "2020.05.08"]
[Round "2"]
[White "Ziyaakyol54"]
[Black "Oguzkagankazik74"]
[Result "0-1"]
[WhiteElo "1279"]
[BlackElo "1620"]
[Annotator "NA RC"]
[PlyCount "48"]
[EventDate "2020.05.08"]
[EventType "swiss (blitz)"]

1. d4 {[%emt 0:00:24]} Nf6 {[%emt 0:00:02]} 2. c4 {[%emt 0:00:06]} g6 {[%emt 0:00:03]} 3. Nf3 {[%emt 0:00:03]} Bg7 {[%emt 0:00:01]} 4. e3 {[%emt 0:00:03]} O-O {[%emt 0:00:01]} 5. Nc3 {[%emt 0:00:02]} d6 {[%emt 0:00:03]} 6. b3 {[%emt 0:00:02]} Bg4 {[%emt 0:00:03]} 7. Bb2 {[%emt 0:00:02]} Nbd7 {[%emt 0:00:01]} 8. h3 {[%emt 0:00:02]} Bxf3 {[%emt 0:00:03]} 9. Qxf3 {[%emt 0:00:03]} c6 {[%emt 0:00:01]} 10. d5 {[%emt 0:00:02]} cxd5 {[%emt 0:00:03]} 11. cxd5 {[%emt 0:00:03]} a6 {[%emt 0:00:06]} 12. Rb1 {[%emt 0:00:08]} b5 {[%emt 0:00:01]} 13. a3 {[%emt 0:00:03]} Qc7 {[%emt 0:00:12]} 14. g3 {[%emt 0:00:17]} Rfc8 {[%emt 0:00:05]} 15. Ne2 {[%emt 0:00:06]} Qc2 {[%emt 0:00:05]} 16. Rd1 {[%emt 0:00:28]} Qxb2 {[%emt 0:00:03]} 17. Rd2 {[%emt 0:00:02]} Qb1+ {[%emt 0:00:06]} 18. Rd1 {[%emt 0:00:04]} Qxb3 {[%emt 0:00:01]} 19. Nd4 {[%emt 0:00:03]} Qc3+ {[%emt 0:00:02]} 20. Rd2 {[%emt 0:00:16]} Ne5 {[%emt 0:00:05]} 21. Qe2 {[%emt 0:00:15]} Ne4 {[%emt 0:00:03]} 22. Qd3 {[%emt 0:00:23]} Nxd3+ {[%emt 0:00:03]} 23. Bxd3 {[%emt 0:00:09]} Qxd2+ {[%emt 0:00:01]} 24. Kf1 {[%emt 0:00:02]} Qxf2# {[%emt 0:00:00] (Lag: Av=0.79s, max=1.0s)} 0-1

[Event "Is Bankasi Online Satranc Turn.13-14 Yas"]
[Site "T#645826Mustafa Kemal"]
[Date "2020.05.08"]
[Round "2"]
[White "Denizeroglu22"]
[Black "Keremyavuz52"]
[Result "1-0"]
[WhiteElo "1194"]
[BlackElo "1620"]
[Annotator "NA RC"]
[PlyCount "141"]
[EventDate "2020.05.08"]
[EventType "swiss (blitz)"]

1. e4 {[%emt 0:00:05]} c5 {[%emt 0:00:02]} 2. Nf3 {[%emt 0:00:01]} Nc6 {[%emt 0:00:01]} 3. d4 {[%emt 0:00:00]} cxd4 {[%emt 0:00:01]} 4. Nxd4 {[%emt 0:00:00]} Nf6 {[%emt 0:00:01]} 5. Nc3 {[%emt 0:00:01]} e5 {[%emt 0:00:01]} 6. Ndb5 {[%emt 0:00:02]} d6 {[%emt 0:00:01]} 7. Nd5 {[%emt 0:00:02]} Nxd5 {[%emt 0:00:01]} 8. exd5 {[%emt 0:00:00]} Nb8 {[%emt 0:00:01]} 9. c4 {[%emt 0:00:02]} a6 {[%emt 0:00:01]} 10. Nc3 {[%emt 0:00:01]} Be7 {[%emt 0:00:02]} 11. f4 {[%emt 0:00:01]} exf4 {[%emt 0:00:05]} 12. Bxf4 {[%emt 0:00:00]} O-O {[%emt 0:00:01]} 13. Be2 {[%emt 0:00:02]} Bg5 {[%emt 0:00:03]} 14. O-O {[%emt 0:00:06]} Bxf4 {[%emt 0:00:02]} 15. Rxf4 {[%emt 0:00:00]} Qg5 {[%emt 0:00:02]} 16. Rf1 {[%emt 0:00:04]} Bh3 {[%emt 0:00:02]} 17. Rf2 {[%emt 0:00:08]} Nd7 {[%emt 0:00:05]} 18. Kh1 {[%emt 0:00:03]} Bf5 {[%emt 0:00:03]} 19. Bd3 {[%emt 0:00:03]} Bxd3 {[%emt 0:00:02]} 20. Qxd3 {[%emt 0:00:00]} Qg6 {[%emt 0:00:02]} 21. Qf1 {[%emt 0:00:08]} Ne5 {[%emt 0:00:03]} 22. b3 {[%emt 0:00:02]} Rae8 {[%emt 0:00:07]} 23. Ne2 {[%emt 0:00:05]} Qh6 {[%emt 0:00:04]} 24. Rf4 {[%emt 0:00:17]} g5 {[%emt 0:00:06]} 25. Re4 {[%emt 0:00:06]} Ng6 {[%emt 0:00:03]} 26. Rxe8 {[%emt 0:00:02]} Rxe8 {[%emt 0:00:00]} 27. Ng3 {[%emt 0:00:02]} Nf4 {[%emt 0:00:05]} 28. Nf5 {[%emt 0:00:04]} Qf6 {[%emt 0:00:02]} 29. Ng3 {[%emt 0:00:14]} h5 {[%emt 0:00:16]} 30. Re1 {[%emt 0:00:13]} Rxe1 {[%emt 0:00:05]} 31. Qxe1 {[%emt 0:00:00]} Qe5 {[%emt 0:00:03]} 32. Qxe5 {[%emt 0:00:08]} dxe5 {[%emt 0:00:00]} 33. Kg1 {[%emt 0:00:01]} Kf8 {[%emt 0:00:03]} 34. Nf5 {[%emt 0:00:02]} Nd3 {[%emt 0:00:07] Keremyavuz52 beraberlik teklif ediyor} 35. Nd6 {[%emt 0:00:16]} Nc1 {[%emt 0:00:05]} 36. Nxb7 {[%emt 0:00:01]} Nxa2 {[%emt 0:00:01]} 37. Nc5 {[%emt 0:00:02]} Nc1 {[%emt 0:00:10]} 38. b4 {[%emt 0:00:08]} Na2 {[%emt 0:00:04]} 39. Nxa6 {[%emt 0:00:02]} Nc3 {[%emt 0:00:04]} 40. Kf2 {[%emt 0:00:06]} e4 {[%emt 0:00:02]} 41. Ke3 {[%emt 0:00:03]} f5 {[%emt 0:00:04] Keremyavuz52 beraberlik teklif ediyor} 42. Nc7 {[%emt 0:00:15]} Ke7 {[%emt 0:00:04]} 43. Ne6 {[%emt 0:00:03]} f4+ {[%emt 0:00:14]} 44. Kd2 {[%emt 0:00:08]} Nb1+ {[%emt 0:00:08]} 45. Kc2 {[%emt 0:00:07]} Na3+ {[%emt 0:00:03]} 46. Kb3 {[%emt 0:00:02]} Nb1 {[%emt 0:00:01]} 47. Nxg5 {[%emt 0:00:11]} e3 {[%emt 0:00:04]} 48. Nf3 {[%emt 0:00:04]} e2 {[%emt 0:00:04]} 49. Kc2 {[%emt 0:00:11]} Na3+ {[%emt 0:00:14]} 50. Kd3 {[%emt 0:00:08]} Kd6 {[%emt 0:00:08] Keremyavuz52 beraberlik teklif ediyor} 51. g3 {[%emt 0:00:25]} fxg3 {[%emt 0:00:02]} 52. hxg3 {[%emt 0:00:00]} Ke7 {[%emt 0:00:08]} 53. c5 {[%emt 0:00:03]} Nb1 {[%emt 0:00:07]} 54. d6+ {[%emt 0:00:05]} Kd7 {[%emt 0:00:01]} 55. Kxe2 {[%emt 0:00:01]} Nc3+ {[%emt 0:00:01]} 56. Kd3 {[%emt 0:00:01]} Nd5 {[%emt 0:00:01]} 57. Kc4 {[%emt 0:00:02]} Ne3+ {[%emt 0:00:02]} 58. Kd3 {[%emt 0:00:03]} Nf5 {[%emt 0:00:01]} 59. b5 {[%emt 0:00:02]} Nxd6 {[%emt 0:00:18]} 60. cxd6 {[%emt 0:00:01]} Kxd6 {[%emt 0:00:00]} 61. Ke4 {[%emt 0:00:01]} Kc5 {[%emt 0:00:01]} 62. Kf4 {[%emt 0:00:01]} Kxb5 {[%emt 0:00:00]} 63. Kg5 {[%emt 0:00:01]} Kc6 {[%emt 0:00:00]} 64. Kxh5 {[%emt 0:00:01]} Kd7 {[%emt 0:00:00]} 65. Kh6 {[%emt 0:00:00]} Ke8 {[%emt 0:00:00]} 66. Kh7 {[%emt 0:00:00]} Kf8 {[%emt 0:00:00]} 67. g4 {[%emt 0:00:00]} Kf7 {[%emt 0:00:00]} 68. g5 {[%emt 0:00:01]} Ke7 {[%emt 0:00:01]} 69. g6 {[%emt 0:00:01]} Ke6 {[%emt 0:00:00]} 70. g7 {[%emt 0:00:01]} Kd5 {[%emt 0:00:01]} 71. g8=Q+ {[%emt 0:00:01] Keremyavuz52 terk eder (Lag: Av=0.48s, max=0.7s)} 1-0

[Event "Is Bankasi Online Satranc Turn.13-14 Yas"]
[Site "T#645826Mustafa Kemal"]
[Date "2020.05.08"]
[Round "2"]
[White "Oguzhansenturk38"]
[Black "Kadirkaanmazlu94"]
[Result "0-1"]
[WhiteElo "972"]
[BlackElo "1620"]
[Annotator "NA RC"]
[PlyCount "72"]
[EventDate "2020.05.08"]
[EventType "swiss (blitz)"]

1. e4 {[%emt 0:00:02]} e5 {[%emt 0:00:02]} 2. Nc3 {[%emt 0:00:10]} Nf6 {[%emt 0:00:03]} 3. Nf3 {[%emt 0:00:03]} Nc6 {[%emt 0:00:01]} 4. Bc4 {[%emt 0:00:04]} Bb4 {[%emt 0:00:02]} 5. O-O {[%emt 0:00:03]} d6 {[%emt 0:00:02]} 6. d3 {[%emt 0:00:03]} O-O {[%emt 0:00:01]} 7. a3 {[%emt 0:00:02]} Ba5 {[%emt 0:00:02]} 8. Qe1 {[%emt 0:00:10]} Be6 {[%emt 0:00:02]} 9. Bd2 {[%emt 0:00:37]} h6 {[%emt 0:00:04]} 10. Rb1 {[%emt 0:00:15]} Bxc4 {[%emt 0:00:03]} 11. dxc4 {[%emt 0:00:03]} Bb6 {[%emt 0:00:06]} 12. b4 {[%emt 0:00:05]} a6 {[%emt 0:00:11]} 13. b5 {[%emt 0:00:05]} axb5 {[%emt 0:00:02]} 14. cxb5 {[%emt 0:00:04]} Nd4 {[%emt 0:00:02]} 15. Ra1 {[%emt 0:00:15]} Nxc2 {[%emt 0:00:04]} 16. Qb1 {[%emt 0:00:09]} Nxa1 {[%emt 0:00:03]} 17. Qxa1 {[%emt 0:00:02]} Qd7 {[%emt 0:00:02]} 18. Nh4 {[%emt 0:00:14]} Bd4 {[%emt 0:00:06]} 19. Qa2 {[%emt 0:00:08]} Bxc3 {[%emt 0:00:03]} 20. Bxc3 {[%emt 0:00:05]} Nxe4 {[%emt 0:00:03]} 21. Bb4 {[%emt 0:00:11]} Qxb5 {[%emt 0:00:05]} 22. Rb1 {[%emt 0:00:12]} Qd7 {[%emt 0:00:07]} 23. f3 {[%emt 0:00:07]} Ng5 {[%emt 0:00:04]} 24. g4 {[%emt 0:00:11]} Qe6 {[%emt 0:00:04]} 25. Ra1 {[%emt 0:00:06]} Qxa2 {[%emt 0:00:04]} 26. Rxa2 {[%emt 0:00:01]} Ne6 {[%emt 0:00:08]} 27. Nf5 {[%emt 0:00:03]} Rfe8 {[%emt 0:00:06]} 28. Ne3 {[%emt 0:00:09]} Nf4 {[%emt 0:00:02]} 29. Nd5 {[%emt 0:00:03]} Nxd5 {[%emt 0:00:03]} 30. h4 {[%emt 0:00:08]} Nf4 {[%emt 0:00:03]} 31. h5 {[%emt 0:00:04]} Nd3 {[%emt 0:00:05]} 32. Bc3 {[%emt 0:00:07]} Ra6 {[%emt 0:00:05]} 33. Bd2 {[%emt 0:00:02]} Rea8 {[%emt 0:00:02]} 34. Bc1 {[%emt 0:00:03]} Nxc1 {[%emt 0:00:01]} 35. g5 {[%emt 0:00:04]} Rxa3 {[%emt 0:00:00]} 36. Rxa3 {[%emt 0:00:02]} Rxa3 {[%emt 0:00:03] Zaman (Lag: Av=0.44s, max=0.6s)} 0-1

[Event "Is Bankasi Online Satranc Turn.13-14 Yas"]
[Site "T#645826Mustafa Kemal"]
[Date "2020.05.08"]
[Round "3"]
[White "Yagizcinarakin00"]
[Black "Furkanaliskin84"]
[Result "1/2-1/2"]
[WhiteElo "1926"]
[BlackElo "1769"]
[Annotator "TA"]
[PlyCount "45"]
[EventDate "2020.05.08"]
[EventType "swiss (blitz)"]

{[%evp 9,45,10,42,28,38,10,24,12,22,24,17,24,203,-31,-35,-65,-65,-75,-18,-34,-26,-76,-68,-110,-37,-28,60,74,60,60,72,84,68,0,89,0,69,0]} 1. e4 c5 2. b3 e6 3. Bb2 Nc6 4. Nf3 Qc7 5. Bb5 a6 6. Bxc6 $1 {B40: Sicilian: 2...e6, Unusual lines.} Qxc6 7. Nc3 Be7 8. O-O {[#] White has an edge.} d6 $146 ({Predecessor:} 8... Nf6 9. d3 O-O 10. Re1 d6 11. e5 dxe5 12. Nxe5 Qc7 13. Nf3 Bd6 14. g3 b5 {0-1 (34) Winter,E (1118)-Bloemker,M Germany 2004}) 9. d4 cxd4 10. Nxd4 Qc7 $2 {[#]} (10... Qd7 $1 $11 {and Black has nothing to worry.}) 11. f4 $2 (11. Nf5 $1 $18) 11... Nf6 $15 12. Kh1 O-O 13. g4 b5 (13... d5 $17 14. exd5 Bc5) 14. g5 $11 Nd7 15. a3 Bb7 16. Re1 Rfd8 (16... Rfe8 $17) 17. Qg4 $1 $15 g6 {[#]} (17... Re8 $11) 18. Nxe6 $1 $14 {[%mdl 512]} fxe6 19. Qxe6+ {[%mdl 64] Double Attack} Kf8 20. Qh3 {[%mdl 1024] White has strong compensation.} Kg8 21. Qe6+ Kf8 22. Qh3 Kg8 $1 {[#]} 23. Qe6+ {Accuracy: White = 62%, Black = 63%.} ({Better is} 23. Nd5 $1 $14 {[%mdl 512]} Bxd5 24. exd5) 1/2-1/2